[Event "GER-ch U25-B"]
[Site "Willingen"]
[Date "2016.05.17"]
[Round "5"]
[White "Arnold, Leander"]
[Black "Zimmer, Claudius"]
[Result "1-0"]
[WhiteElo "1552"]
[BlackElo "1395"]
[PlyCount "99"]
[EventDate "2016.05.15"]
[EventType "swiss"]
[EventRounds "9"]
[EventCountry "GER"]
[SourceTitle "CBM 172 Extra"]
[Source "ChessBase"]
[SourceDate "2016.06.21"]
[SourceVersion "1"]
[SourceVersionDate "2016.06.21"]
[SourceQuality "1"]

1. d4 d5 2. e3 e6 3. Bd3 Nf6 4. Nf3 c5 5. c3 Nc6 6. a3 Bd6 7. Nbd2 0-0 8. 0-0 Qc7 9. dxc5 Bxc5 10. e4 h6 11. exd5 exd5 12. h3 Nh5 13. Nb3 Bb6 14. Nfd4 Nf4 15. Bb1 Qe5 16. Re1 Qf6 17. Re3 Bc7 18. Rf3 Bxh3 19. Bxf4 Bxg2 20. Bxc7 Bxf3 21. Qxf3 Nxd4 22. Qxf6 Ne2+ 23. Kf1 gxf6 24. Kxe2 Rfe8+ 25. Kf1 Re7 26. Bf4 Rae8 27. Bd3 Kg7 28. Nd4 Rd7 29. Bb5 Rdd8 30. Bxe8 Rxe8 31. Re1 Rxe1+ 32. Kxe1 Kg6 33. Nb5 h5 34. Nxa7 Kf5 35. Bg3 Kg4 36. Kf1 h4 37. Bd6 h3 38. Nb5 f5 39. Bh2 f6 40. Nd6 b6 41. Nc8 Kf3 42. Nxb6 Ke4 43. Ke2 f4 44. f3+ Ke5 45. Kd3 f5 46. a4 Kd6 47. Kd4 Kc6 48. Nxd5 Kb7 49. Nxf4 Kb6 50. Nxh3 1-0

[Event "GER-ch U25-B"]
[Site "Willingen"]
[Date "2016.05.15"]
[Round "1"]
[White "Seliokaite, Ana"]
[Black "Zimmer, Claudius"]
[Result "1-0"]
[WhiteElo "1138"]
[BlackElo "1395"]
[PlyCount "73"]
[EventDate "2016.05.15"]
[EventType "swiss"]
[EventRounds "9"]
[EventCountry "GER"]
[SourceTitle "CBM 172 Extra"]
[Source "ChessBase"]
[SourceDate "2016.06.21"]
[SourceVersion "1"]
[SourceVersionDate "2016.06.21"]
[SourceQuality "1"]

1. e4 e5 2. Nf3 Nc6 3. Bc4 Bc5 4. d4 exd4 5. Ng5 Ne5 6. Nxf7 Bb4+ 7. c3 dxc3 8. bxc3 Bxc3+ 9. Nxc3 Nxf7 10. Bxf7+ Kxf7 11. Qd5+ Kf8 12. e5 d6 13. Ba3 Ne7 14. Qf3+ Ke8 15. Rd1 Nf5 16. 0-0 g6 17. Rfe1 Kd7 18. exd6 Nxd6 19. Nb5 Rf8 20. Qc3 Rf6 21. Qg3 Kc6 22. Nxd6 cxd6 23. Qc3+ Kd7 24. Qb4 Qb6 25. Qg4+ Kc7 26. Rc1+ Kb8 27. Qg3 a5 28. Re8 Ka7 29. Rexc8 Rxc8 30. Rxc8 Qb1+ 31. Rc1 Qxa2 32. Qe3+ Ka6 33. Qd3+ b5 34. Rc6+ Ka7 35. Qd4+ Kb7 36. Qb6+ Ka8 37. Rc8# 1-0

[Event "GER-ch U25 op-B"]
[Site "Willingen"]
[Date "2015.05.27"]
[Round "6"]
[White "Zell, Mirjam"]
[Black "Zimmer, Claudius"]
[Result "1-0"]
[WhiteElo "1336"]
[BlackElo "1105"]
[PlyCount "117"]
[EventDate "2015.05.24"]
[EventType "swiss"]
[EventRounds "9"]
[EventCountry "GER"]
[SourceTitle "CBM 166 Extra"]
[Source "ChessBase"]
[SourceDate "2015.06.18"]
[SourceVersion "1"]
[SourceVersionDate "2015.06.18"]
[SourceQuality "1"]

1. e4 e5 2. Nf3 Nc6 3. Bb5 a6 4. Ba4 Nf6 5. d3 b5 6. Bb3 Be7 7. c3 d5 8. exd5 Nxd5 9. 0-0 0-0 10. Re1 Qd6 11. Nbd2 Bf5 12. Nf1 Nb6 13. d4 exd4 14. Nxd4 Nxd4 15. Qxd4 Qxd4 16. cxd4 Bf6 17. Ng3 Bg6 18. Be3 Rad8 19. Rac1 Bxd4 20. Bxd4 Rxd4 21. Rxc7 Nc4 22. Bxc4 Rxc4 23. Rxc4 bxc4 24. Rc1 Rb8 25. Rxc4 h6 26. b4 a5 27. a3 axb4 28. axb4 Ra8 29. h3 Ra1+ 30. Kh2 Ra2 31. f3 Rb2 32. Kg1 Kf8 33. Ne4 Ke7 34. g4 h5 35. Nc3 hxg4 36. hxg4 Rb3 37. Kf2 Bd3 38. Rc5 Kd6 39. Rd5+ Ke7 40. Rxd3 Ke6 41. b5 f5 42. gxf5+ Kxf5 43. Ke3 Ke5 44. Rd5+ Ke6 45. Kd4 Rxc3 46. Kxc3 Kxd5 47. Kb4 Kd6 48. Ka5 Kc7 49. Ka6 Kb8 50. b6 Ka8 51. b7+ Kb8 52. Kb6 g5 53. Kc6 g4 54. fxg4 Ka7 55. g5 Kb8 56. g6 Ka7 57. g7 Kb8 58. g8Q+ Ka7 59. Qa8# 1-0

[Event "GER-ch U25 op-B"]
[Site "Willingen"]
[Date "2015.05.26"]
[Round "5"]
[White "Zimmer, Claudius"]
[Black "Schluckner, Paul Leopold"]
[Result "0-1"]
[WhiteElo "1105"]
[BlackElo "1404"]
[PlyCount "86"]
[EventDate "2015.05.24"]
[EventType "swiss"]
[EventRounds "9"]
[EventCountry "GER"]
[SourceTitle "CBM 166 Extra"]
[Source "ChessBase"]
[SourceDate "2015.06.18"]
[SourceVersion "1"]
[SourceVersionDate "2015.06.18"]
[SourceQuality "1"]

1. e4 e5 2. Nf3 Nc6 3. d4 exd4 4. Bc4 Bc5 5. c3 dxc3 6. Bxf7+ Kf8 7. Qd5 cxb2 8. Bxg8 bxc1Q+ 9. Ke2 Qc2+ 10. Nbd2 Rxg8 11. Rac1 Qxc1 12. Rxc1 d6 13. e5 Qe7 14. Ne4 Be6 15. exd6 Bxd6 16. Qd3 Bf5 17. Nfd2 Re8 18. f3 Bf4 19. Rc4 Ne5 20. Qc3 Nxc4 21. Qxc4 Rd8 22. Kd1 Bxe4 23. fxe4 Rxd2+ 24. Ke1 c5 25. g3 Rd4 26. Qc2 Qxe4+ 27. Qxe4 Rxe4+ 28. Kf2 Bd6 29. Kf3 Rd4 30. Ke3 Ke7 31. a3 Kd7 32. a4 Re8+ 33. Kf3 Rd3+ 34. Kf2 c4 35. a5 Bc5+ 36. Kg2 Re2+ 37. Kh3 Rd6 38. a6 Rh6+ 39. Kg4 bxa6 40. h4 Rg6+ 41. Kh3 Bd6 42. h5 Rxg3+ 43. Kh4 Rh2# 0-1

[Event "Magdeburg op-B"]
[Site "Magdeburg"]
[Date "2014.06.10"]
[Round "4"]
[White "Roehr, Oliver"]
[Black "Zimmer, Claudius"]
[Result "1/2-1/2"]
[WhiteElo "1245"]
[BlackElo "1081"]
[PlyCount "59"]
[EventDate "2014.06.08"]
[EventType "swiss"]
[EventRounds "9"]
[EventCountry "GER"]
[SourceTitle "CBM 160 Extra"]
[Source "ChessBase"]
[SourceDate "2014.07.01"]
[SourceVersion "1"]
[SourceVersionDate "2014.07.01"]
[SourceQuality "1"]

1. d4 d5 2. c4 e6 3. Nc3 c5 4. dxc5 Nf6 5. Bg5 Bxc5 6. cxd5 exd5 7. e3 Be6 8. Nf3 Be7 9. Bd3 Nc6 10. Bc2 h6 11. Bh4 Ng4 12. Bxe7 Nxe7 13. h3 Nf6 14. 0-0 0-0 15. Ne2 Nc6 16. Ng3 Qb6 17. Rb1 Rfd8 18. a3 d4 19. e4 Ba2 20. Ra1 Qxb2 21. Qd3 Be6 22. e5 Ne8 23. Qh7+ Kf8 24. Qh8+ Ke7 25. Rfc1 d3 26. Bd1 Rab8 27. Rcb1 Qc3 28. Rc1 Qa5 29. Ne4 Nxe5 30. Rc5 1/2-1/2

[Event "GER-ch U25 op-B"]
[Site "Oberhof"]
[Date "2013.05.21"]
[Round "5"]
[White "Zimmer, Claudius"]
[Black "Muedder, Melanie"]
[Result "0-1"]
[WhiteElo "914"]
[BlackElo "712"]
[PlyCount "64"]
[EventDate "2013.05.19"]
[EventType "swiss"]
[EventRounds "9"]
[EventCountry "GER"]
[SourceTitle "CBM 154 Extra"]
[Source "ChessBase"]
[SourceDate "2013.06.25"]
[SourceVersion "2"]
[SourceVersionDate "2013.06.25"]
[SourceQuality "1"]

1. e4 e5 2. Nf3 Nc6 3. d4 exd4 4. Bc4 Nf6 5. e5 d5 6. Bb5 Ne4 7. Nxd4 Bd7 8. Nxc6 Bxc6 9. Bxc6+ bxc6 10. 0-0 Bc5 11. Qf3 0-0 12. Qg4 Re8 13. Bh6 g6 14. Qf4 Bd4 15. c3 Bxe5 16. Qe3 d4 17. cxd4 Bxd4 18. Qc1 Rb8 19. Nc3 Nxc3 20. bxc3 Bc5 21. Rd1 Qh4 22. Be3 Bd6 23. g3 Qg4 24. Bxa7 Rb5 25. Bd4 Rf5 26. Re1 Be5 27. a4 f6 28. Bxe5 fxe5 29. a5 Ref8 30. a6 Rxf2 31. a7 Qf3 32. Qe3 Qg2# 0-1